Islam dalam pelbagai perspektif : Refleksi pustakawan tentang Islam
| Main Author: | |
|---|---|
| Format: | Book |
| Published: |
Kuala Lumpur :
Thinker's Library ,
1997
|
| Subjects: |
MARC
| LEADER | 00000cam a2200000 7i4500 | ||
|---|---|---|---|
| 001 | 0000000583 | ||
| 005 | 20000909.0 | ||
| 020 | 0 | 0 | |a 9676902055 |
| 090 | 0 | 0 | |a 297 |b SHA 1997 |
| 100 | 0 | 0 | |a SHAHAROM TM Sulaiman |c 1962- |
| 245 | 1 | 0 | |a Islam dalam pelbagai perspektif : |b Refleksi pustakawan tentang Islam |c Shaharom TM Sulaiman |
| 260 | 0 | 0 | |a Kuala Lumpur : |b Thinker's Library , |c 1997 |
| 300 | |a vi, 181 p. ; |c 21 cm. | ||
| 500 | 0 | 0 | |a Bibliography: [p.177-179] |
| 650 | 0 | 0 | |a Islam |x Miscellanea |
| 999 | |a 0000000931 |b Monograph |c Open Shelf |e Default branch | ||